00372nam a2200145Ia 4500008004100000020001500041041001200056082001600068100001700084245006800101260002500169300000800194650000800202700001600210221030s9999 xx 000 0 und d a0074633503 aEnglish a105.23bRan aC. S. Rangan 0aInstrumentation Devices & Systemscby C. S. Rangan, G. R. Sarma bTMHaNew Delhic2002 a549 aECE aG. R. Sarma